[Event "41st WGM"]
[Site "Belgrade SRB"]
[Date "2009.03.03"]
[Round "1"]
[White "Chelushkina,I"]
[Black "Eric,J"]
[Result "1-0"]
[WhiteElo "2359"]
[BlackElo "2126"]
[EventDate "2009.03.03"]

1. c4 e5 2. Nc3 Nf6 3. Nf3 Nc6 4. e3 Bb4 5. Qc2 O-O 6. Nd5 Re8 7. a3 Bf8 8.
Ng5 g6 9. h4 Bg7 10. d3 d6 11. Be2 Bd7 12. Bd2 Ne7 13. Nxf6+ Bxf6 14. Ne4
Bg7 15. h5 Bc6 16. O-O-O b5 17. hxg6 hxg6 18. cxb5 Bxb5 19. Nc3 Bd7 20. d4
exd4 21. exd4 Nf5 22. Bc4 Be6 23. d5 Bd7 24. Qd3 Nd4 25. Be3 Nf5 26. Bf4
Nd4 27. Qg3 Qf6 28. Bg5 Qf5 29. Rd2 Qg4 30. Qxg4 Bxg4 31. f3 Bf5 32. Nb5
Nxb5 33. Bxb5 Re5 34. Bf4 Re7 35. g4 Bd7 36. Bxd7 Rxd7 37. Re1 Rb8 38. Re4
Kf8 39. b4 Re7 40. Rc2 Rb7 41. Rc6 Rxe4 42. fxe4 Bd4 43. Kc2 Ke7 44. Kd3
Bg1 45. e5 dxe5 46. Bxe5 Kd7 47. Kc4 Be3 48. a4 Bd2 49. b5 g5 50. Bd4 Ba5
51. Rf6 Ke7 52. Rf5 Bb6 53. Bc3 Rb8 54. Bb4+ Ke8 55. Rxg5 Kd7 56. Rg7 Rc8
57. Rxf7+ Kd8 58. Rf8+ 1-0

[Event "41st WGM"]
[Site "Belgrade SRB"]
[Date "2009.03.03"]
[Round "1"]
[White "Petrenko,S"]
[Black "Djukic,Sa"]
[Result "1-0"]
[WhiteElo "2251"]
[BlackElo "2196"]
[EventDate "2009.03.03"]

1. e4 e6 2. d4 d5 3. e5 c5 4. c3 Nc6 5. Nf3 Qb6 6. a3 Nge7 7. b4 cxd4 8.
cxd4 Nf5 9. Be3 Be7 10. Nc3 O-O 11. Bd3 Qd8 12. Qc2 g6 13. b5 Na5 14. O-O
b6 15. g4 Nxe3 16. fxe3 Bb7 17. Qf2 Rc8 18. Ne2 Nc4 19. Ra2 Qd7 20. a4 f5
21. g5 a6 22. Nf4 Kf7 23. Rb1 axb5 24. axb5 Ra8 25. Re2 Ra5 26. Qh4 Kg8 27.
Qh6 Rf7 28. Nd2 Na3 29. Rb3 Nxb5 30. Nb1 Bc6 31. Reb2 Bf8 32. Qh3 Na3 33.
Rxb6 Nc4 34. Bxc4 dxc4 35. Qf1 Bd5 36. Nxd5 Qxd5 37. Nc3 Qd8 38. Qxc4 Qxg5+
39. Kf2 Qh4+ 40. Ke2 Qxh2+ 41. Kd3 Qh1 42. Rb1 Qf3 43. Rxe6 f4 44. Re1 Kg7
45. Rf6 Rxf6 46. exf6+ Kh6 47. Qf7 Ra8 48. Qd5 Qxd5 49. Nxd5 fxe3 50. Nxe3
Kg5 51. Nd5 Bd6 52. Re6 Rd8 53. Ne7 Re8 54. Rxd6 1-0

[Event "41st WGM"]
[Site "Belgrade SRB"]
[Date "2009.03.03"]
[Round "1"]
[White "Benderac,A"]
[Black "Meenakshi,Sub"]
[Result "1-0"]
[WhiteElo "2304"]
[BlackElo "2327"]
[EventDate "2009.03.03"]

1. e4 g6 2. d4 Bg7 3. Nf3 d6 4. Be2 Nd7 5. h4 h5 6. Nc3 c5 7. Bg5 cxd4 8.
Nxd4 Ngf6 9. Nb3 O-O 10. Qd2 a6 11. O-O-O b5 12. g4 b4 13. Nd5 Nxe4 14.
Nxe7+ Qxe7 15. Bxe7 Nxd2 16. Nxd2 Re8 17. Bf3 Ra7 18. Bxd6 hxg4 19. Bc6 a5
20. Nc4 Re2 21. Rhe1 Rxe1 22. Rxe1 Nf6 23. Re7 Rxe7 24. Bxe7 Nh5 25. Bc5
Bf6 26. Nxa5 Bxh4 27. Nb7 Nf4 28. Kd2 Ne6 29. Bb6 Bg5+ 30. Be3 Be7 31. c3
bxc3+ 32. bxc3 f5 33. a4 Kg7 34. a5 Nc7 35. Bb6 Na6 36. Bd5 f4 37. Nd8 Kf6
38. Nc6 Bd6 39. Bd8+ Kg7 40. Bb6 g5 41. Na7 Bd7 42. c4 f3 43. Nb5 Bf4+ 44.
Kc3 Be5+ 45. Bd4 Kf6 46. Bb7 Nc5 47. a6 Nxa6 48. Bxa6 g3 49. Bxe5+ Kxe5 50.
Nd4 gxf2 51. Nxf3+ Kf4 52. Nd2 g4 53. Bb7 g3 54. Bg2 Ke3 55. Nf1+ Kf4 56.
Kd4 Bg4 57. Nd2 Bc8 58. c5 Kg4 59. Ke5 Ba6 60. c6 Bc8 61. Nf1 Ba6 62. Ne3+
Kg5 63. c7 Bc8 64. Nd5 Ba6 65. Nf4 Bc8 66. Ne6+ Kg4 67. Nc5 f1=Q 68. Bxf1
Kf3 69. Bc4 g2 70. Bd5+ Kg3 71. Bxg2 Kxg2 72. Kd6 Kh2 73. Ke7 Kg3 74. Kd8
Bf5 75. Nd7 1-0

[Event "41st WGM"]
[Site "Belgrade SRB"]
[Date "2009.03.03"]
[Round "1"]
[White "Maksimovic,S"]
[Black "Voiska,M"]
[Result "1-0"]
[WhiteElo "2284"]
[BlackElo "2339"]
[EventDate "2009.03.03"]

1. d4 e6 2. c4 Bb4+ 3. Bd2 a5 4. Nf3 Nf6 5. a3 Be7 6. Nc3 d5 7. Bg5 Ne4 8.
Bxe7 Qxe7 9. e3 O-O 10. Rc1 c6 11. Bd3 f5 12. O-O Bd7 13. Ne5 Be8 14. f3
Nxc3 15. Rxc3 Nd7 16. f4 Nxe5 17. fxe5 Qg5 18. Rf4 Bh5 19. Qf1 Qe7 20. cxd5
cxd5 21. Qc1 Rf7 22. Rc5 Raf8 23. Rxa5 g5 24. Rf2 f4 25. exf4 Rxf4 26. Rxf4
gxf4 27. Rc5 f3 28. Qh6 Qf7 29. Rc2 fxg2 30. Bxh7+ 1-0

[Event "41st WGM"]
[Site "Belgrade SRB"]
[Date "2009.03.03"]
[Round "1"]
[White "Rakic,Ma"]
[Black "Cosma,E"]
[Result "1/2-1/2"]
[WhiteElo "2284"]
[BlackElo "2343"]
[EventDate "2009.03.03"]

1. d4 d5 2. c4 c6 3. Nf3 e6 4. cxd5 exd5 5. Qc2 g6 6. Bg5 Nf6 7. Nc3 Be7 8.
e3 Bf5 9. Bd3 Bxd3 10. Qxd3 Nbd7 11. O-O O-O 12. Rfc1 Re8 13. Bxf6 Nxf6 14.
Ne5 Bd6 15. f4 Qe7 16. Rf1 Kg7 17. Rf2 Ng8 18. Re2 f6 19. Nf3 Qd7 20. f5
Qxf5 21. Qxf5 gxf5 22. Nh4 Nh6 23. Rf1 f4 24. exf4 Rxe2 25. Nxe2 Re8 26.
Ng3 Bc7 27. h3 Kf7 28. Rf3 Kf8 29. Kf2 Bb6 30. Rd3 Bc7 31. Ne2 Nf7 32. Nf5
Nd6 33. Nxd6 Bxd6 34. Re3 Rd8 35. Kf3 Rd7 36. Ng3 Kf7 37. Nf5 Bf8 1/2-1/2

[Event "41st WGM"]
[Site "Belgrade SRB"]
[Date "2009.03.04"]
[Round "2"]
[White "Meenakshi,Sub"]
[Black "Eric,J"]
[Result "1-0"]
[WhiteElo "2327"]
[BlackElo "2126"]
[EventDate "2009.03.03"]

1. d4 d5 2. c4 c6 3. Nf3 e6 4. Nc3 dxc4 5. e3 b5 6. a4 Bb4 7. Bd2 a5 8.
axb5 Bxc3 9. Bxc3 cxb5 10. b3 Bb7 11. bxc4 b4 12. Bb2 Nf6 13. Bd3 O-O 14.
O-O Nbd7 15. Re1 Be4 16. Bxe4 Nxe4 17. Qc2 Ndf6 18. Ne5 Qc7 19. c5 Nd6 20.
Qa4 Nf5 21. Qc6 Qa7 22. Ra4 Ne7 23. Qf3 Qc7 24. Rea1 Ra7 25. Nc4 Nc6 26.
Nd6 Qd7 27. Qg3 g6 28. e4 Nh5 29. Qf3 f6 30. g3 Ng7 31. d5 Ne5 32. Qb3 exd5
33. Rxa5 Rxa5 34. Rxa5 Qe6 35. Qxd5 Nf3+ 36. Kg2 Ne1+ 37. Kf1 Nf3 38. Ra7
Ng5 39. c6 Ne8 40. Nxe8 Rxe8 41. c7 Kf8 42. Qxe6 Nxe6 43. Bxf6 Rc8 44. Be5
Ke7 45. Rb7 1-0

[Event "41st WGM"]
[Site "Belgrade SRB"]
[Date "2009.03.04"]
[Round "2"]
[White "Voiska,M"]
[Black "Chelushkina,I"]
[Result "0-1"]
[WhiteElo "2339"]
[BlackElo "2359"]
[EventDate "2009.03.03"]

1. d4 Nf6 2. Nf3 g6 3. e3 Bg7 4. c4 O-O 5. Nc3 d6 6. Be2 Nbd7 7. d5 e5 8.
dxe6 fxe6 9. O-O Nc5 10. Rb1 a5 11. b3 e5 12. Ba3 Bf5 13. Rc1 Nfd7 14. e4
Be6 15. Rc2 Kh8 16. Bc1 Nf6 17. Ng5 h6 18. Nxe6 Nxe6 19. Be3 c5 20. Nd5 Nh7
21. Bg4 Neg5 22. Qd3 h5 23. Be2 Ne6 24. Rd2 Nf4 25. Bxf4 exf4 26. g3 fxg3
27. hxg3 Bd4 28. Kg2 Kg7 29. f4 Nf6 30. Bd1 Nxd5 31. exd5 Re8 32. Bc2 Qf6
33. Re2 Rxe2+ 34. Qxe2 Rf8 35. Re1 Bc3 36. Rh1 Rf7 37. Qd3 Re7 38. Rf1 Bd4
39. Rf3 Re1 40. Qd2 Rg1+ 41. Kh3 g5 42. Rd3 h4 43. Qe2 hxg3 44. fxg5 Qf5+
45. Kh4 Rh1+ 46. Kxg3 Be5+ 0-1

[Event "41st WGM"]
[Site "Belgrade SRB"]
[Date "2009.03.04"]
[Round "2"]
[White "Cosma,E"]
[Black "Maksimovic,S"]
[Result "1/2-1/2"]
[WhiteElo "2343"]
[BlackElo "2284"]
[EventDate "2009.03.03"]

1. d4 Nf6 2. Nf3 e6 3. g3 c5 4. Bg2 cxd4 5. O-O d5 6. Nxd4 e5 7. Nb3 Be6 8.
Nc3 Be7 9. f4 exf4 10. gxf4 g6 11. Kh1 Nc6 12. Be3 O-O 13. Bg1 Qd7 14. Qd2
Rfe8 15. Rad1 Rad8 16. a3 Qc8 17. Qc1 Bf5 18. Qd2 Be6 19. Nd4 Ne4 20. Nb3
Nf6 21. Qc1 1/2-1/2

[Event "41st WGM"]
[Site "Belgrade SRB"]
[Date "2009.03.05"]
[Round "3"]
[White "Rakic,Ma"]
[Black "Benderac,A"]
[Result "0-1"]
[WhiteElo "2284"]
[BlackElo "2304"]
[EventDate "2009.03.03"]

1. d4 d5 2. c4 dxc4 3. e3 e5 4. Bxc4 exd4 5. Nf3 Nf6 6. Qb3 Qe7 7. O-O d3
8. Ng5 Nc6 9. Bxf7+ Kd8 10. Bc4 Ne5 11. Bxd3 h6 12. Ne4 Be6 13. Qc2 Nxd3
14. Qxd3+ Ke8 15. Nbc3 Rd8 16. Qb5+ c6 17. Qe5 Bc4 18. Nxf6+ gxf6 19. Qxe7+
Bxe7 20. Rd1 Kf7 21. Bd2 Bd3 22. Be1 c5 23. e4 c4 24. f3 f5 25. exf5 Bf6
26. Bf2 a6 27. a4 Bxf5 28. Bb6 Rd3 29. Kf2 h5 30. Rac1 Bg5 31. Rxd3 Bxc1
32. Rd5 Be6 33. Rc5 Bxb2 34. Rc7+ Kg6 35. Ne2 Be5 36. Rxb7 Rc8 37. Bd4 Kf5
38. Rh7 Bxd4+ 39. Nxd4+ Ke5 40. Ke3 c3 41. Rxh5+ Kf6 42. Ne2 Bf5 43. g4 Bg6
44. Rd5 c2 45. Rd6+ Kf7 46. Nc1 Re8+ 47. Kd2 Rh8 48. Rc6 Rxh2+ 49. Ke3 Rh1
50. Ne2 Ra1 51. Rc4 Rd1 52. Rc7+ Ke8 53. Rc3 Ra1 54. Rc6 Ra3+ 55. Kd2 Rd3+
56. Kc1 Rd1+ 57. Kb2 Rb1+ 58. Ka3 Bd3 59. Rc3 Bxe2 60. Rxc2 Bxf3 61. Rb2
Ra1+ 62. Ra2 Rg1 63. Rf2 Bxg4 64. Rf6 Bc8 65. Rc6 Kd7 66. Rh6 Rg4 67. Rf6
Kc7 68. Rh6 Bb7 69. Rh7+ Kb6 70. a5+ Ka7 71. Rh6 Bc8 72. Kb3 Rg5 73. Kb4
Rb5+ 74. Ka4 Bd7 75. Rh7 Rb7+ 76. Ka3 Kb8 77. Rh5 Bb5 78. Rh6 Rc7 79. Rh5
Rc1 80. Kb4 Ra1 81. Rh7 Kc8 82. Rh8+ Kc7 83. Rh7+ Bd7 84. Rh5 Ra4+ 85. Kb3
Bb5 86. Rh7+ Kd8 87. Rh8+ Ke7 88. Rh7+ Kf8 89. Ra7 Rxa5 90. Kb4 Ra4+ 91.
Kc5 Rc4+ 92. Kb6 Rc6+ 93. Ka5 Ke8 94. Rh7 Bd3 95. Ra7 Kd8 96. Rg7 Rd6 97.
Ra7 Kc8 98. Rf7 Bb5 99. Ra7 Kb8 100. Rg7 Bd7 101. Re7 Kb7 102. Re5 Rd4 0-1

[Event "41st WGM"]
[Site "Belgrade SRB"]
[Date "2009.03.05"]
[Round "3"]
[White "Petrenko,S"]
[Black "Meenakshi,Sub"]
[Result "1-0"]
[WhiteElo "2251"]
[BlackElo "2327"]
[EventDate "2009.03.03"]

1. e4 d6 2. d4 Nf6 3. f3 c5 4. dxc5 Qa5+ 5. Nc3 Qxc5 6. Qd3 Nc6 7. Be3 Qa5
8. Qb5 Bd7 9. Qxa5 Nxa5 10. Nb5 Bxb5 11. Bxb5+ Nd7 12. O-O-O a6 13. Bxd7+
Kxd7 14. e5 Nc4 15. Bd4 Kc6 16. f4 dxe5 17. fxe5 g6 18. Nf3 Bh6+ 19. Kb1
Rad8 20. Rd3 b5 21. Rhd1 Rhe8 22. g4 e6 23. b3 Na5 24. g5 Bg7 25. Nd2 Rd5
26. Ne4 Nb7 27. c4 bxc4 28. bxc4 Rxd4 29. Rxd4 Bxe5 30. Nf6 Rc8 31. Re4
Bxh2 32. Rh1 Bg3 33. Rxh7 Nd6 34. Rg4 Rb8+ 35. Kc1 Be5 36. c5 Nf5 37. Rxf7
Bb2+ 38. Kd2 Rd8+ 39. Ke2 Kxc5 40. Rc7+ Kb6 41. Rgc4 Bd4 42. R4c6+ Kb5 43.
Rxe6 Rh8 44. Rb7+ Kc5 45. Rc7+ Kb5 46. Kd3 Rh3+ 47. Ke4 Bc5 48. Rxc5+ Kxc5
49. Nd7+ Kb5 50. Rxg6 Ne7 51. Rb6+ Ka5 52. Re6 Rh2 53. Ne5 Rh4+ 54. Kf3 Nd5
55. g6 Rf4+ 56. Kg3 Rf5 57. Nc6+ Ka4 58. Kg4 Rf2 59. Ne5 a5 60. Kg3 Rf5 61.
Nf3 Rf6 62. g7 Rxe6 63. g8=Q Rd6 64. Nd4 Kb4 65. Qf8 Kc5 66. Nf5 1-0

[Event "41st WGM"]
[Site "Belgrade SRB"]
[Date "2009.03.06"]
[Round "4"]
[White "Benderac,A"]
[Black "Maksimovic,S"]
[Result "1/2-1/2"]
[WhiteElo "2304"]
[BlackElo "2284"]
[EventDate "2009.03.03"]

1. d4 d5 2. Nf3 Nf6 3. Bg5 c6 4. Bxf6 exf6 5. c3 f5 6. e3 Nd7 7. Be2 Nf6 8.
O-O Be7 9. Nbd2 O-O 10. a4 Ne4 11. a5 a6 12. Qc2 Bd6 13. c4 1/2-1/2

[Event "41st WGM"]
[Site "Belgrade SRB"]
[Date "2009.03.06"]
[Round "4"]
[White "Meenakshi,Sub"]
[Black "Voiska,M"]
[Result "0-1"]
[WhiteElo "2327"]
[BlackElo "2339"]
[EventDate "2009.03.03"]

1. Nf3 d6 2. d4 Bg4 3. g3 Bxf3 4. exf3 c6 5. c4 Nd7 6. Bg2 Ngf6 7. Nc3 g6
8. O-O Bg7 9. f4 O-O 10. b3 e6 11. Ba3 Qc7 12. Rc1 Rfd8 13. d5 exd5 14.
cxd5 c5 15. Bb2 a6 16. Rc2 Re8 17. Qa1 Re7 18. Nd1 Ne8 19. f5 Bxb2 20. Qxb2
Nef6 21. fxg6 hxg6 22. f4 Rae8 23. Nf2 Re1 24. Bf3 b5 25. Rxe1 Rxe1+ 26.
Kg2 Qd8 27. Re2 Rxe2 28. Qxe2 Nb6 29. Qd3 Qc8 30. h4 Qf5 31. Ne4 Nxe4 32.
Bxe4 Qf6 33. Qe3 Qe7 34. Qf3 f5 35. Bd3 Qf7 36. a4 bxa4 37. bxa4 Nxa4 38.
Bxa6 Nb6 39. Kh2 Kg7 40. Qb3 Nd7 41. Be2 Nf6 42. Bf3 Qc7 43. Qc3 Qa7 44.
Qc2 c4 45. Kg2 Qd4 46. Qf2 Qc5 47. Qxc5 dxc5 48. Kf2 Kf7 49. Ke2 Ke7 50.
Kd2 Nh5 51. Kc3 Nxg3 52. Kxc4 Kd6 53. Kd3 Nf1 54. Bg2 Nh2 55. Kc4 Ng4 56.
Kd3 Nf6 57. Kc4 Nh5 58. Bf3 Nxf4 59. Kb5 Nxd5 60. Kc4 Nf6 61. Bd1 Ng4 62.
Ba4 Ne5+ 63. Kc3 f4 64. Bc2 Ke6 65. Kb3 Kf6 66. Bd1 f3 67. Kc3 f2 68. Be2
Nf3 69. Kc4 Nd2+ 70. Kxc5 f1=Q 71. Bxf1 Nxf1 72. Kd4 Kf5 0-1

[Event "41st WGM"]
[Site "Belgrade SRB"]
[Date "2009.03.06"]
[Round "4"]
[White "Cosma,E"]
[Black "Eric,J"]
[Result "1/2-1/2"]
[WhiteElo "2343"]
[BlackElo "2126"]
[EventDate "2009.03.03"]

1. d4 d5 2. c4 c6 3. Nf3 Nf6 4. g3 dxc4 5. Bg2 b5 6. a4 Bb7 7. O-O Nbd7 8.
b3 cxb3 9. Qxb3 e6 10. axb5 cxb5 11. Qxb5 Qb6 12. Nc3 Bb4 13. Bd2 O-O 14.
Rfb1 a5 15. Qxb6 Nxb6 16. Na2 Bxd2 17. Nxd2 Bxg2 18. Kxg2 Rfb8 19. Nc3 g6
20. e4 Rc8 21. Rxb6 Rxc3 22. e5 Nd5 23. Rb7 Rc7 24. Rxc7 Nxc7 25. Ra4 Nb5
26. Nb3 Rd8 27. Kf3 Kg7 28. Ke3 Rc8 29. Nc5 Rd8 30. Kd3 h6 31. h4 h5 32.
Ke3 Ra8 33. Kd2 Rc8 34. Kd3 Rd8 35. Ke3 Ra8 36. Kd3 Rd8 37. Nb7 Rc8 38. Nc5
Rd8 39. Ne4 Rd7 40. Ke3 Rd8 41. Kd3 Rd7 42. Nd2 Rd8 43. Nb3 Rc8 44. Rc4
Rxc4 45. Kxc4 a4 46. Nc5 Na3+ 47. Kb4 Nb1 48. Nxa4 Nd2 49. Nc5 Kf8 50. Nd7+
Ke7 51. Nf6 Kf8 52. Kc3 Nb1+ 53. Kc2 Na3+ 54. Kb3 Nb5 55. Kc4 Na3+ 56. Kc5
Ke7 57. Ne4 Nc2 58. Nd2 Na3 59. Nc4 Nc2 60. Ne3 Ne1 61. Kc4 Kd7 62. Kc3 Ke7
63. Kd2 Nf3+ 64. Kd3 Kd7 65. Ng2 Nh2 66. Ne3 Nf3 67. Nc2 Nh2 68. Ke2 Ng4
69. Ne3 Nh6 70. Kd3 Ng8 71. Ke4 Ne7 72. f3 Nc6 73. g4 hxg4 74. fxg4 Ke7 75.
h5 gxh5 76. gxh5 Kf8 77. Ng4 Kg7 78. Nf6 Kh6 79. Kd3 Ne7 80. Kc4 Nf5 81.
Kc5 Ng3 82. Kd6 Nf5+ 83. Kc5 Ng3 84. Kd6 Nf5+ 85. Kc5 Ng3 86. Kd6 Nf5+ 87.
Kc5 1/2-1/2

[Event "41st WGM"]
[Site "Belgrade SRB"]
[Date "2009.03.06"]
[Round "4"]
[White "Djukic,Sa"]
[Black "Chelushkina,I"]
[Result "0-1"]
[WhiteElo "2196"]
[BlackElo "2359"]
[EventDate "2009.03.03"]

1. d4 d6 2. c4 e5 3. Nc3 exd4 4. Qxd4 Nc6 5. Qd2 Nf6 6. b3 Bf5 7. Bb2 d5 8.
cxd5 Nb4 9. Rc1 Nbxd5 10. Nxd5 Qxd5 11. Qxd5 Nxd5 12. a3 Bd6 13. e3 O-O 14.
Nf3 Rfe8 15. Nd4 Bg6 16. Be2 a6 17. g3 c5 18. Nf3 Nb6 19. O-O f6 20. Nd2
Bf7 21. Nc4 Nxc4 22. Bxc4 b5 23. Bxf7+ Kxf7 24. Rfd1 Red8 25. a4 Be7 26.
Ba3 Rxd1+ 27. Rxd1 Ke6 28. e4 b4 29. Bb2 Rc8 30. Rd2 g5 31. f4 gxf4 32.
gxf4 c4 33. f5+ Kf7 34. bxc4 Rxc4 35. e5 fxe5 36. Bxe5 Rc5 37. f6 Rxe5 38.
fxe7 Kxe7 39. Kf2 a5 40. Kf3 h5 41. Kf4 Rc5 42. Ke4 Ke6 43. Rd8 Ke7 44. Rb8
Kd6 45. Kd4 Rd5+ 46. Kc4 Rf5 47. Rb6+ Ke5 48. h4 Ke4 49. Re6+ Re5 50. Rf6
Ke3 51. Ra6 Kd2 52. Kb3 Kc1 53. Rc6+ Kb1 54. Rg6 Re3+ 55. Kc4 b3 0-1

[Event "41st WGM"]
[Site "Belgrade SRB"]
[Date "2009.03.06"]
[Round "4"]
[White "Petrenko,S"]
[Black "Rakic,Ma"]
[Result "0-1"]
[WhiteElo "2251"]
[BlackElo "2284"]
[EventDate "2009.03.03"]

1. e4 Nf6 2. e5 Nd5 3. c4 Nb6 4. d4 d6 5. exd6 exd6 6. Nf3 Bg4 7. Be2 Be7
8. O-O O-O 9. Nc3 Nc6 10. b3 Bf6 11. Be3 d5 12. c5 Nc8 13. b4 a6 14. h3 Be6
15. Rb1 N8e7 16. g4 h6 17. Nh2 g5 18. a4 Ng6 19. b5 axb5 20. axb5 Nce7 21.
Qd3 Bg7 22. Bd1 f5 23. Bc2 Qd7 24. f3 Rf7 25. Ne2 Bf6 26. Bd2 f4 27. Ra1
Re8 28. Ra7 h5 29. Rxb7 hxg4 30. hxg4 Rc8 31. c6 Qd8 32. Bb4 Ra8 33. b6
cxb6 34. c7 Qc8 35. Rxb6 Nf8 36. Bd6 Nd7 37. Rb3 Nc6 38. Rc3 Na5 39. Ra3
Nc4 40. Rxa8 Qxa8 41. Nxf4 gxf4 42. Bxf4 Nf8 43. Re1 Qc8 44. Rb1 Rxc7 45.
Bxc7 Qxc7 46. Nf1 Qf4 47. Kg2 Bxd4 48. Rb8 Qxb8 49. Qxd4 Bf7 50. Bf5 Ne6
51. Qf6 Qf4 52. Qc3 Ng5 53. Qd3 Kf8 54. Kf2 Qe5 55. Kg2 d4 56. Be4 Ne6 57.
Kf2 Nc5 58. Qb1 Nd6 59. Bc2 Qf4 60. Qb8+ Kg7 61. Qb1 Bd5 62. Qd1 Nde4+ 63.
Kg2 Nc3 64. Ng3 Kg8 65. Qf1 Qxg4 66. Bf5 Qg5 67. Qe1 Qe3 68. Qxe3 dxe3 69.
Bg4 Nd3 70. Kf1 Nf4 71. Kg1 Nce2+ 72. Nxe2 Nxe2+ 73. Kf1 Nf4 74. Ke1 Bc4
75. Bh3 Nxh3 0-1

[Event "41st WGM"]
[Site "Belgrade SRB"]
[Date "2009.03.07"]
[Round "5"]
[White "Chelushkina,I"]
[Black "Benderac,A"]
[Result "1/2-1/2"]
[WhiteElo "2359"]
[BlackElo "2304"]
[EventDate "2009.03.03"]

1. e4 e6 2. d4 d5 3. exd5 exd5 4. Nf3 Bd6 5. Bd3 Ne7 6. O-O O-O 7. c3 Bf5
8. Bxf5 Nxf5 9. Qd3 Qd7 10. Nbd2 Nc6 11. Nb3 Rae8 12. Bd2 Nce7 13. Rae1 Ng6
14. Rxe8 Rxe8 15. Re1 Rxe1+ 16. Bxe1 1/2-1/2

[Event "41st WGM"]
[Site "Belgrade SRB"]
[Date "2009.03.07"]
[Round "5"]
[White "Maksimovic,S"]
[Black "Petrenko,S"]
[Result "0-1"]
[WhiteElo "2284"]
[BlackElo "2251"]
[EventDate "2009.03.03"]

1. d4 d5 2. c4 e6 3. e3 Nf6 4. Nf3 b6 5. cxd5 exd5 6. Nc3 Be7 7. Bd3 O-O 8.
Ne5 Bb7 9. O-O c5 10. Qf3 Nc6 11. Qh3 Nxe5 12. dxe5 Ne4 13. Bxe4 dxe4 14.
Rd1 Qe8 15. Qg4 Rd8 16. Bd2 Qc6 17. Be1 b5 18. Rxd8 Rxd8 19. f3 exf3 20.
gxf3 Qxf3 21. Qxf3 Bxf3 22. Nxb5 Rb8 23. a4 a6 24. Nd6 Rxb2 25. Bg3 h5 26.
Rc1 h4 27. Bf2 h3 28. Bg3 Bg5 29. Bf2 Ra2 30. Rb1 Rxa4 31. e4 Bxe4 32. Rb8+
Kh7 33. Bxc5 Bd5 34. Nf5 Ra1+ 35. Kf2 Be6 36. Nd4 Ra2+ 37. Kf3 Rxh2 38.
Nxe6 fxe6 39. Kg4 Rc2 40. Kxg5 h2 41. Rb1 0-1

[Event "41st WGM"]
[Site "Belgrade SRB"]
[Date "2009.03.07"]
[Round "5"]
[White "Eric,J"]
[Black "Djukic,Sa"]
[Result "0-1"]
[WhiteElo "2126"]
[BlackElo "2196"]
[EventDate "2009.03.03"]

1. e4 c6 2. d4 d5 3. e5 Bf5 4. Be3 e6 5. Nd2 Qb6 6. Nb3 Nd7 7. Nf3 h6 8.
Bd3 Bxd3 9. Qxd3 Ne7 10. O-O Nf5 11. a4 a5 12. Bd2 Bb4 13. g4 Bxd2 14. gxf5
Bb4 15. fxe6 fxe6 16. Qg6+ Kd8 17. Qxe6 Kc7 18. Nh4 Rae8 19. Qh3 g5 20. Nf5
Nf8 21. Qh5 Ne6 22. Qf7+ Kd8 23. Qf6+ Kd7 24. c3 Rhf8 25. Qxh6 Kc8 26. Nc5
Rxf5 27. Nxe6 c5 28. cxb4 axb4 29. dxc5 Qxe6 30. Qxe6+ Rxe6 31. Rad1 Rexe5
32. Rd4 Re2 33. Rxb4 Rc2 34. Kg2 Rxc5 35. Kg3 Rc2 36. f3 Rf4 37. Rb5 Rd2
38. a5 Rd3 39. Rb6 d4 40. Rb5 Rd2 41. Rxg5 Rf6 42. Rf2 Rd1 43. Rc2+ Kb8 44.
Rd5 Rg1+ 45. Kf2 Rfg6 46. Rxd4 R6g2+ 47. Ke3 Rxc2 48. h4 Rxb2 49. Rd5 Rh1
50. h5 Rbh2 51. f4 Rxh5 52. f5 Rf1 53. Ke4 Ka7 54. Rc5 Ka6 55. Rd5 Rhxf5
56. Rxf5 Rxf5 57. Kxf5 Kxa5 58. Ke4 Kb4 0-1

[Event "41st WGM"]
[Site "Belgrade SRB"]
[Date "2009.03.07"]
[Round "5"]
[White "Voiska,M"]
[Black "Cosma,E"]
[Result "1/2-1/2"]
[WhiteElo "2339"]
[BlackElo "2343"]
[EventDate "2009.03.03"]

1. d4 d5 2. c4 e6 3. cxd5 exd5 4. Nc3 c6 5. Bf4 Bf5 6. e3 Nf6 7. Bd3 Bxd3
8. Qxd3 Nbd7 9. Nf3 Be7 10. O-O O-O 11. Ne5 Re8 12. h3 Nxe5 13. Bxe5 Nd7
1/2-1/2

[Event "41st WGM"]
[Site "Belgrade SRB"]
[Date "2009.03.07"]
[Round "5"]
[White "Rakic,Ma"]
[Black "Meenakshi,Sub"]
[Result "1-0"]
[WhiteElo "2284"]
[BlackElo "2327"]
[EventDate "2009.03.03"]

1. d4 d5 2. c4 dxc4 3. e3 Nf6 4. Bxc4 e6 5. Nf3 c5 6. O-O a6 7. dxc5 Qxd1
8. Rxd1 Bxc5 9. b3 Nbd7 10. Bb2 O-O 11. Nbd2 b5 12. Be2 Bb7 13. a4 bxa4 14.
Rxa4 Nb6 15. Raa1 Nbd5 16. Nc4 Bb4 17. Rdc1 Rfc8 18. Nfe5 a5 19. Bf3 h6 20.
Nd3 Rd8 21. Bd4 Nd7 22. h3 Ba6 23. Nxb4 axb4 24. Na5 Bb5 25. Nb7 Rxa1 26.
Rxa1 Rb8 27. Ra7 Bd3 28. Bxd5 exd5 29. Nd6 Nf6 30. Bxf6 gxf6 31. Rc7 Bg6
32. Nc8 Bb1 33. Ne7+ Kg7 34. Nc6 Rb6 35. Nd4 Bd3 36. Rc5 Rd6 37. Kh2 f5 38.
Rc7 Rf6 39. Rd7 f4 40. exf4 Rg6 41. f5 Ra6 42. Rxd5 Ra2 43. Kg3 Rb2 44. Rd6
h5 45. h4 Be4 46. Rb6 Rd2 47. Rxb4 Rd3+ 48. f3 Bd5 49. Kf4 Rd2 50. g3 Rd3
51. g4 Ba8 52. Kg5 hxg4 53. fxg4 Re3 54. f6+ Kh7 55. Nf5 Re6 56. Rd4 Re5
57. Kf4 Rb5 58. b4 Kg6 59. Nd6 Rb6 60. g5 1-0

[Event "41st WGM"]
[Site "Belgrade SRB"]
[Date "2009.03.08"]
[Round "6"]
[White "Benderac,A"]
[Black "Eric,J"]
[Result "1/2-1/2"]
[WhiteElo "2304"]
[BlackElo "2126"]
[EventDate "2009.03.03"]

1. e4 c5 2. Nc3 d6 3. g3 Nc6 4. Bg2 g6 5. d3 Bg7 6. f4 e6 7. Nf3 Nge7 8.
O-O O-O 9. Be3 Nd4 10. e5 dxe5 11. Nxe5 Rb8 12. Ne4 b6 13. c3 Ndc6 14. Nxc6
Nxc6 15. Qc2 Bb7 16. h4 Ne7 17. Rad1 Nd5 18. Bc1 Nf6 19. Qe2 Qe7 20. Nxf6+
Bxf6 21. h5 Bxg2 22. Qxg2 Qb7 23. Qh3 Qd5 24. hxg6 fxg6 25. Rfe1 Rbe8 26.
Re3 Re7 27. Rde1 Rfe8 28. a3 e5 29. Qg2 Qxg2+ 30. Kxg2 exf4 31. Rxe7 Rxe7
32. Rxe7 Bxe7 33. Bxf4 Kf7 34. Kf3 Ke6 35. Bb8 a6 36. a4 h5 37. c4 Kd7 38.
Ke4 Kc6 39. b3 1/2-1/2

[Event "41st WGM"]
[Site "Belgrade SRB"]
[Date "2009.03.08"]
[Round "6"]
[White "Rakic,Ma"]
[Black "Maksimovic,S"]
[Result "1/2-1/2"]
[WhiteElo "2284"]
[BlackElo "2284"]
[EventDate "2009.03.03"]

1. d4 Nf6 2. c4 e6 3. Nf3 c5 4. d5 b5 5. Bg5 Qa5+ 6. Qd2 Qxd2+ 7. Nbxd2
exd5 8. Bxf6 gxf6 9. cxd5 d6 10. e4 Bd7 11. a4 bxa4 12. Nc4 Na6 13. Be2 Rb8
14. O-O Rb4 15. Nfd2 Nc7 16. f4 f5 17. Bf3 fxe4 18. Bxe4 f5 19. Bf3 Nb5 20.
Rfe1+ Kd8 21. Bd1 Nc7 22. Bf3 Nb5 23. Bd1 Nc7 24. Bf3 Nb5 1/2-1/2

[Event "41st WGM"]
[Site "Belgrade SRB"]
[Date "2009.03.08"]
[Round "6"]
[White "Petrenko,S"]
[Black "Chelushkina,I"]
[Result "1-0"]
[WhiteElo "2251"]
[BlackElo "2359"]
[EventDate "2009.03.03"]

1. e4 c5 2. Nf3 e6 3. d4 cxd4 4. Nxd4 Nc6 5. Nb5 d6 6. c4 Nf6 7. N1c3 a6 8.
Na3 Be7 9. Be2 O-O 10. O-O Rb8 11. Be3 b6 12. f3 Bb7 13. Nc2 Nd7 14. f4 Qc7
15. Rc1 Bf6 16. Nd4 Nxd4 17. Bxd4 Bxd4+ 18. Qxd4 e5 19. Qd2 exf4 20. Rxf4
Ne5 21. b3 Rbe8 22. Rcf1 Ng6 23. Rg4 Re5 24. Bd3 Bc8 25. Rg3 Qd8 26. Be2 b5
27. cxb5 axb5 28. Qd4 Bb7 29. Bxb5 Bxe4 30. Nxe4 Rxb5 31. Nxd6 Ra5 32. a4
Qa8 33. Nb5 Qb7 34. h4 f6 35. h5 Ne5 36. Rc1 Qb8 37. Rc7 Rf7 38. Rxf7 Nxf7
39. Rc3 Qe8 40. Re3 Ne5 41. h6 Ra8 42. Qd5+ Kh8 43. Nc7 1-0

[Event "41st WGM"]
[Site "Belgrade SRB"]
[Date "2009.03.08"]
[Round "6"]
[White "Meenakshi,Sub"]
[Black "Cosma,E"]
[Result "1/2-1/2"]
[WhiteElo "2327"]
[BlackElo "2343"]
[EventDate "2009.03.03"]

1. d4 d5 2. c4 e6 3. cxd5 exd5 4. Nc3 c6 5. Bf4 Bf5 6. e3 Nf6 7. Bd3 Bxd3
8. Qxd3 Nbd7 9. Nf3 Be7 10. O-O O-O 11. h3 Re8 12. Rad1 Bf8 13. Kh1 h6 14.
Bh2 Ne4 15. Ne1 Qa5 16. Nxe4 dxe4 17. Qb3 Nb6 18. Nc2 Qd5 19. Bc7 Qxb3 20.
axb3 Nd5 21. Bg3 a5 22. Ra1 Ra6 23. Na3 Rb6 24. Nc4 Rxb3 25. Rxa5 Nb6 26.
Nxb6 Rxb6 27. Ra2 Rb5 28. Rc1 f6 29. Kg1 Kf7 30. Kf1 Ke6 31. Ke2 Rd8 32.
Bf4 Bd6 1/2-1/2

[Event "41st WGM"]
[Site "Belgrade SRB"]
[Date "2009.03.08"]
[Round "6"]
[White "Djukic,Sa"]
[Black "Voiska,M"]
[Result "1/2-1/2"]
[WhiteElo "2196"]
[BlackElo "2339"]
[EventDate "2009.03.03"]

1. d4 d6 2. c4 e5 3. e3 Nc6 4. Nc3 g6 5. d5 Nce7 6. e4 f5 7. Bd3 Nf6 8.
Nge2 Bg7 9. f3 O-O 10. exf5 gxf5 11. O-O c6 12. Be3 Kh8 13. Bc2 cxd5 14.
Nxd5 Nfxd5 15. cxd5 Ng6 16. f4 Bd7 17. a4 Rc8 18. Rc1 b5 19. fxe5 dxe5 20.
b4 a5 21. Bc5 axb4 22. Bxb4 Rf7 23. a5 Qh4 24. Be1 Qg5 25. Bd2 Qe7 26. Ng3
Nf4 27. Bb3 Rff8 28. Kh1 Nd3 29. Rxc8 Bxc8 30. Nh5 e4 31. Nxg7 Qxg7 32. Qc2
b4 33. Bc4 Qd4 34. Bxd3 exd3 35. Qb3 Bb7 36. Qxb4 Qxb4 37. Bxb4 Rc8 38. d6
Kg8 39. h4 Be4 40. a6 Kf7 41. a7 Ke6 42. Ra1 Rc4 43. Re1 Rc8 44. Kh2 Ra8
45. Ra1 Rg8 46. g3 h5 47. Rc1 Rg7 48. Ra1 Rg8 49. Rc1 Rg7 50. Ra1 Rg8 51.
Rc1 1/2-1/2